000 00551nam a2200181 i 4500
001 23280
003 ES-MaACL
005 20251012063037.0
007 t|
008 021210s1952 sp ||||1| spa d
100 1 _aÁlvarez, Jesús,
_d1907-1996
_920643
245 1 0 _aAlmas selectas /
_cJesús Álvarez.
260 _aBurgos :
_b[s.n.],
_c1952 (
_f[Imp. Hijos de Santiago Rodríguez)
300 _a1 v. ;
_c22 cm.
505 8 _aContiene: I. Rafael.- 407 pág. con 3 lám.
852 _aES-MaACL
_jP-1005
_bR.6100
999 _c23280
_d23280